00211nam a2200085Ia 4500008004100000100001800041245003600059260002100095260000900116170617s9999 xx 000 0 und d aKapoor- Bimla 0aText book of sycbiatric Nursing bKumar Publishing c2008